Como nasce o direito

Detalles Bibliográficos
Autor principal: Carnelutti, Francesco
Formato: Libro
Lenguaje:portugués
Publicado: Brasil Pillares 2015
Materias:
Acceso en línea:Acceso restringido

MARC

LEADER 00000nam a22000007a 4500
005 20160118123547.0
007 cr|||| ||u|
008 160118s2015 bl ||||| |||| 00||0 por d
020 |a 978-85-8183-038-4 
035 |a 13023 
040 |a vLex 
090 |c 5800  |d 5800 
100 1 |a Carnelutti, Francesco  
245 1 0 |a Como nasce o direito  |h [Recurso electrn̤ico] /  |c Francesco Carnelutti  
256 |a Servicio en ln̕ea  
260 |a Brasil  |b Pillares  |c 2015 
300 |a 1 recurso electrn̤ico  
500 |a O AUTOR Francesco Carnelutti nasceu em Udine, em 1879, ensinou na Universidad Bocconi de Milô (1909-1912), na Universidade da Catńia (1912-1915), na Universidade de Pd̀ua (1915-1935), na Estatal de Milô (1936-1946) e na Universidade de Roma (1947-1949). Em 1924, juntamente com Giuseppe Chiovenda, fundou e dirigiu a Rivista di Diritto Processuale Civile (Revista de Direito Processual Civil). Principal inspirador do Cd̤igo de Processo Civil italiano de 1940, mestre do direito substantivo civil e penal, foi tambm̌ advogado famoso e grande jurista. Foi com Giuseppe Capograssi um dos fundadores da Uniô de Juristas Catl̤icos Italianos. De sentimentos monr̀quicos, foi no ps̤-guerra figura de destaque da Uniô Monr̀quica Italiana. Os seus estudos abrangeram variadas r̀eas do saber jurd̕ico. Em 1975, foi fundada em Udine a Fundaȯ̂ Forense Francesco Carnelutti, constitud̕a pelos Conselhos das Ordens de Udine, Trieste, Gorizia e Tolmezzo, com o objetivo de apoiar o crescimento da cultura forense e judicial e de fornecer aos advogados um serviȯ de atualizaȯ̂ nas vr̀ias r̀eas forenses e da atividade jurd̕ica. Foi tambm̌ criador da teoria da lide como centro do sistema processual, proposta metodolg̤ica que deixa em plano secundr̀io o estudo da aȯ̂ e das suas condiė̳s, que ocupam a posiȯ̂ central nos institutos processuais descritos pelos estudiosos de seu tempo. Carnelutti chegou a renunciar o conceito de interesse de agir como condiȯ̂ da aȯ̂. A OBRA Nesta redaȯ̂, daremos, por conta de sua apresentaȯ̂, uma especial atenȯ̂ ̉sua obra Come nasce il diritto, traduzindo para o nosso vernc̀ulo: Como Nasce o DiƠreito. O livro foi publicado e estreou para o af ̂dos estudiosos da cin̊cia jurd̕ica no ano de 1961. Nesta obra, Carnelutti j ̀inicia definindo a concepȯ̂ de Direito aos seus olhos: “Um conjunto de leis que regulam a conduta dos homens”. Antes, entretanto, chama atenȯ̂ que esse conceito ̌“uma definiȯ̂ empr̕ica, mas provisoriamente aceitv̀el”. Avante! Vamos educar. Celebremos PauƠlo Freire: “Educaȯ̂ nô transforma o munƠdo. Educaȯ̂ muda as pessoas, as pessoas transformam o mundo”. Meus caros leitores, a obra Como Nasce o Direito de Francesco Carnelutti traz essas e muitas outras noė̳s e liė̳s. Trata-se, por tanto, de estudo para leitura obrigatr̤ia em nossos assentos universitr̀ios. 
506 1 |a Contenido solo disponible en los productos indicados  |d vLex Global  |d vLex Global (Academic Edition, excluding Law Schools)  |d vLex Global (U.S. Academic Edition, Law Schools)  |d vLex Global (U.S. Academic Edition, excluding Law Schools)  |d vLex Global (Academic Edition, Law Schools) 
650 0 4 |a Derecho  |z Brasil 
740 0 |a vLex libros (servicio en ln̕ea)  
856 4 0 |u http://vlex.com/source/como-nasce-o-direito-13023  |z Acceso restringido 
942 |c BOOK 
999 0 |a Law